00489nam a2200169 4500003001100000005001700011008004100028020001500069040003900084041000800123082001300131100002900144245007400173260003500247300002100282650001600303LK-CoMWRAF20230922160412.0230922b2008 |||||||| |||| 00| 0 eng d a8174351930 aLK-CoMWRAFdLK-CoMWRAFeLK-CoMWRAF aeng a297bISL aIslam, Khawaja Muhammad  aThe Spectacle of death :bIncluding glimpses of life beyond the grave aIndia :bAdam publishersc2008 axx,502p. ; 22cm. aIslam-Death